Pedagogía de la praxis /
| Autor principal: | |
|---|---|
| Format: | Llibre |
| Idioma: | espanyol |
| Publicat: |
Buenos Aires, Argentina :
Miño y Dávila editores,
1996
|
| Matèries: |
MARC
| LEADER | 00000nam a2200000Ia 4500 | ||
|---|---|---|---|
| 008 | 160208b1996 ag ||||| |||| 00| | spa d | ||
| 999 | |c 356 |d 356 | ||
| 020 | |a 9509467634 | ||
| 090 | |a 06.01.01 |b 1817 | ||
| 100 | 1 | |a Gadotti, Moacir |9 848 | |
| 245 | 1 | 0 | |a Pedagogía de la praxis / |c Moacir Gadotti |
| 260 | |a Buenos Aires, Argentina : |b Miño y Dávila editores, |c 1996 | ||
| 300 | |a 223 páginas | ||
| 650 | 1 | 4 | |a CIENCIAS DE LA EDUCACIÓN |9 330 |
| 942 | |i 002808 |h 06.01.01 1817 |2 z |c 01 | ||
